000 00241nam a2200097Ia 4500
001 1199236
005 20250827021900.0
008 250824s9999 xx 000 0 und d
245 0 _aSUÇ ORTAKLARI
_cAGATHA CHRISTIE
260 _bALTIN KİTAPLAR
999 _c1199236
_d1199236